[Event "34th Olympiad Women"]
[Site "Istanbul TUR"]
[Date "2000.11.05"]
[Round "8"]
[White "Hernandez,Ya"]
[Black "Hamid,R"]
[Result "1/2-1/2"]
[WhiteElo "2207"]
[BlackElo "2106"]

1.d4 Nf6 2.Nf3 e6 3.c4 Bb4+ 4.Bd2 Be7 5.Nc3 d5 6.g3 O-O 7.Bg2 c6 8.O-O dxc4
9.a4 Na6 10.e4 Nb4 11.Bg5 h6 12.Bxf6 Bxf6 13.e5 Be7 14.Ne4 a5 15.Qe2 b6 16.Rfd1 Ba6
17.Nc3 Nd5 18.Nd2 Bb4 19.Nde4 b5 20.Qg4 Kh8 21.Ne2 Be7 22.Nf4 Nxf4 23.gxf4 Qb6
24.Ng3 g6 25.axb5 cxb5 26.Bxa8 Rxa8 27.d5 Bb7 28.d6 Qc6 29.Qh3 Bh4 30.Kf1 g5
31.fxg5 Bxg5 32.d7 Qc7 33.Qh5 c3 34.bxc3 Bd5 35.Qxf7 Qxe5 36.Rxd5 Qxd5 37.Qe8+ Kh7
38.Qf7+  1/2-1/2

[Event "34th Olympiad Women"]
[Site "Istanbul TUR"]
[Date "2000.11.05"]
[Round "8"]
[White "Gurieli,N"]
[Black "Ptacnikova,L"]
[Result "1-0"]
[WhiteElo "2373"]
[BlackElo "2232"]

1.d4 Nf6 2.Nf3 e6 3.c4 Bb4+ 4.Bd2 Qe7 5.g3 Nc6 6.Nc3 Bxc3 7.Bxc3 Ne4 8.Rc1 d6
9.d5 Nxc3 10.Rxc3 Nd8 11.Bg2 e5 12.O-O O-O 13.Qc2 c5 14.dxc6 Nxc6 15.Rd1 Be6
16.a3 a5 17.Qd2 f6 18.Ne1 Rfd8 19.Nc2 a4 20.Ne3 Qf7 21.Nd5 Nd4 22.Rd3 b5
23.Rxd4 exd4 24.Nf4 Bxc4 25.Bxa8 Rxa8 26.Qxd4 Ra6 27.Nd3 Qa7 28.Qe4 Qa8 29.Qe7 Qf8
30.Qd7 Ra8 31.Nb4 Bxe2 32.Qe6+  1-0

[Event "34th Olympiad"]
[Site "Istanbul TUR"]
[Date "2000.11.05"]
[Round "8"]
[White "Maherramzade,J"]
[Black "Giorgadze,G"]
[Result "0-1"]
[WhiteElo "2433"]
[BlackElo "2599"]

1.d4 Nf6 2.Nf3 e6 3.c4 Bb4+ 4.Bd2 a5 5.g3 d5 6.Qc2 Nc6 7.a3 Be7 8.Bg2 Ne4
9.O-O a4 10.e3 O-O 11.Nc3 Nxc3 12.Bxc3 b6 13.Rfd1 Bb7 14.Rac1 dxc4 15.Ne5 Nxe5
16.Bxb7 Nd3 17.Bxa8 Qxa8 18.Rxd3 cxd3 19.Qxd3 Qd5 20.Bd2 Qd7 21.Qa6 e5 22.Qb7 Bd6
23.Bc3 exd4 24.Bxd4 Qb5 25.Qc6 Qxc6 26.Rxc6 Ra8 27.g4 f6 28.Kg2 Kf7 29.f4 Ke6
30.Kf3 Kd7 31.Rc1 c5 32.Bc3 b5 33.Rd1 Ke6 34.Be1 b4 35.Bg3 Ke7 36.f5 Bxg3
37.hxg3 Rd8 38.Rc1 Kd6 39.Ke4 Re8+ 40.Kd3 Rb8 41.Kc4 Kc6 42.g5 fxg5 43.f6 bxa3
44.bxa3 gxf6 45.Rf1 Rf8 46.Rf5 h5 47.Rxc5+ Kd6 48.Kd4 Rh8 49.Rb5 h4 50.Rb6+ Ke7
51.Rb7+ Ke6 52.Rb6+ Kf5 53.e4+ Kg4 54.gxh4 gxh4 55.Rxf6 h3 56.Rf1 h2 57.Rh1 Kg3
58.Kc5 Kg2 59.Re1 h1=Q 60.Rxh1 Kxh1  0-1

[Event "34th Olympiad"]
[Site "Istanbul TUR"]
[Date "2000.11.08"]
[Round "11"]
[White "Van der Sterren,P"]
[Black "Macieja,B"]
[Result "1/2-1/2"]
[WhiteElo "2569"]
[BlackElo "2536"]

1.d4 Nf6 2.Nf3 e6 3.c4 Bb4+ 4.Bd2 Qe7 5.g3 Nc6 6.Nc3 Bxc3 7.Bxc3 Ne4 8.Rc1 O-O
9.Bg2 d6 10.d5 Nd8 11.dxe6 Nxe6 12.O-O Bd7 13.Nd2 Nxc3 14.Rxc3 a5 15.Nb1 Bc6
16.Bd5 Qf6 17.Qd2 Nc5 18.Rf3 Qg6 19.Nc3 Rae8 20.Rf4 Re7 21.b3 Rfe8 22.Rh4 Re5
23.e3 Rh5 24.Rxh5 Qxh5 25.Bg2 Ne4 26.Nxe4 Bxe4 27.Bxe4 Rxe4 28.Qd5 Qxd5 29.cxd5 Kf8
30.Rc1 Re7 31.Rc4 Ke8 32.Ra4 b6 33.g4 Kd7 34.Kg2 Re5 35.Rd4 c6 36.dxc6+ Kxc6
37.Kf3 Rc5 38.Ke2 Rc2+ 39.Rd2 Rc1 40.Rd1 Rc2+ 41.Rd2 Rc1  1/2-1/2

[Event "34th Olympiad Women"]
[Site "Istanbul TUR"]
[Date "2000.11.08"]
[Round "11"]
[White "Shabanaj,E"]
[Black "Lim Jean Nie"]
[Result "0-1"]
[WhiteElo "2176"]
[BlackElo "2168"]

1.d4 Nf6 2.c4 e6 3.Nf3 Bb4+ 4.Bd2 Bxd2+ 5.Nbxd2 d5 6.cxd5 exd5 7.e3 O-O 8.Bd3 Nbd7
9.O-O c5 10.Rc1 b6 11.e4 dxe4 12.Nxe4 Bb7 13.Re1 Nxe4 14.Bxe4 Bxe4 15.Rxe4 Nf6
16.Re5 cxd4 17.Qxd4 Rc8 18.Rce1 Qxd4 19.Nxd4 Rfd8 20.Nf5 Rc2 21.g4 h6 22.g5 hxg5
23.Ne7+ Kh7 24.Rxg5 Rxb2 25.Re3 g6 26.Rf3 Kh6 27.h4 Ne4 28.Re5 Rd1+ 29.Kg2 Nd6
30.h5 Rbb1 31.Rh3 Rg1+ 32.Kf3 g5 33.Rg3 Rxg3+ 34.fxg3 Kxh5 35.g4+ Kh6 36.Rd5 Nc4
37.Nf5+ Kg6 38.Ne7+ Kg7 39.Nc6 Kf6 40.Rf5+ Kg6 41.Rd5 f6 42.Rd7 Ne5+ 43.Nxe5+ fxe5
44.Rxa7 Rf1+ 45.Ke4 Kf6 46.Rb7 Rf4+ 47.Ke3 Rxg4 48.Rxb6+ Kf5 49.Rb8 Ra4 50.Rf8+ Kg4
51.Re8 Ra3+ 52.Ke4 Rxa2 53.Ke3 Ra1 54.Kf2 Ra5 55.Rf8 Ra3 56.Rf7 e4 57.Re7 e3+
58.Ke2 Kg3 59.Re4 g4 60.Re8 Kg2 61.Rg8 g3 62.Rg7 Kh2 63.Kf3 e2+ 64.Kxe2 g2
65.Kf2 Ra2+ 66.Kf3 Kh1 67.Rh7+ Kg1 68.Rb7 Ra3+ 69.Ke2 Kh2 70.Rh7+  0-1

[Event "34th Olympiad"]
[Site "Istanbul TUR"]
[Date "2000.11.10"]
[Round "13"]
[White "Ivanisevic,I"]
[Black "Grigoryan,K"]
[Result "1-0"]
[WhiteElo "2530"]
[BlackElo "2399"]

1.d4 Nf6 2.c4 e6 3.Nf3 Bb4+ 4.Bd2 Qe7 5.g3 Nc6 6.Nc3 Bxc3 7.Bxc3 Ne4 8.Rc1 O-O
9.Bg2 d6 10.d5 Nxc3 11.Rxc3 Nb8 12.dxe6 fxe6 13.O-O a5 14.Nd4 Na6 15.Qd2 e5
16.Nb5 Nc5 17.Ra3 Be6 18.b3 e4 19.Nc3 Bf7 20.Qe3 Bg6 21.f4 Bf5 22.Nd5 Qd7
23.Qd4 b6 24.Ne3 Kh8 25.h4 Rae8 26.Kh2 Rf6 27.Rf2 Be6 28.Nd5 Bxd5 29.cxd5 Qf7
30.e3 Rf5 31.Rd2 Qe7 32.Bf1 h6 33.Kg1 Rf6 34.g4 Rff8 35.g5 Kh7 36.Rg2 hxg5
37.hxg5 Kg6 38.Rg3 Rh8 39.Bh3 Rh4 40.b4 axb4 41.Ra7 Rf8 42.Be6 Qd8 43.Qxb4 Qb8
44.Ra3 Qe8 45.Rc3 Kh7 46.g6+ Kh8 47.Bf7 Qd7 48.Rc2 Rxf7 49.gxf7 Qxf7 50.Qd4 Rh7
51.Rg5 Qd7 52.f5 Qb5 53.Rb2 Qa5 54.Qb4 Qxb4 55.Rxb4 Rh3 56.Rb2 Rxe3 57.Rbg2 Re1+
58.Kh2 Rf1 59.Rxg7 Rxf5 60.Rxc7 Rxd5 61.Rb2 Re5 62.Rxb6 Re8 63.Rbc6 Re6 64.Rb6 Re8
65.Rxd6 e3 66.Rh6+ Kg8 67.Rg6+ Kf8 68.Rxc5 e2 69.Rf5+  1-0

[Event "34th Olympiad Women"]
[Site "Istanbul TUR"]
[Date "2000.11.12"]
[Round "14"]
[White "Wilman,C"]
[Black "Puuska,H"]
[Result "1/2-1/2"]
[WhiteElo "2066"]
[BlackElo "2023"]

1.d4 e6 2.c4 Nf6 3.Nf3 Bb4+ 4.Bd2 Qe7 5.Qc2 Nc6 6.a3 Bxd2+ 7.Nbxd2 O-O 8.e4 d6
9.Bd3 e5 10.d5 Nb8 11.O-O Nh5 12.g3 g6 13.b4 f5 14.c5 f4 15.cxd6 cxd6 16.Rac1 Bh3
17.Qc7 Qxc7 18.Rxc7 Bxf1 19.Bxf1 Rf7 20.Rc8+ Rf8 21.Rc7 Rf7  1/2-1/2

[Event "72nd ch-GER"]
[Site "Seebad Heringsdorf GER"]
[Date "2000.11.24"]
[Round "8"]
[White "Hammes,M"]
[Black "Holzhaeuer,M"]
[Result "0-1"]
[WhiteElo "2401"]
[BlackElo "2362"]

1.d4 Nf6 2.c4 e6 3.Nf3 Bb4+ 4.Bd2 Qe7 5.g3 Nc6 6.Nc3 Bxc3 7.Bxc3 Ne4 8.Rc1 d6
9.Bg2 O-O 10.d5 Nd8 11.Bb4 a5 12.Ba3 e5 13.Nd2 Nc5 14.b3 f5 15.O-O Nf7 16.Nb1 f4
17.Nc3 b6 18.gxf4 exf4 19.Nb5 Ne5 20.Bb2 f3 21.exf3 Ncd3 22.Bxe5 Nxe5 23.Rc3 Rf7
24.f4 Rxf4 25.Qd2 Ng6 26.Rg3 Rf6 27.Re1 Qf7 28.Qe2 Bf5 29.Re3 Rf8 30.Re8 Nf4
31.Rxf8+ Kxf8 32.Qe3 Bd7 33.Be4 Nh3+ 34.Kh1 Nxf2+ 35.Kg2 Ng4 36.Qg3 Rf2+
37.Kg1 Bxb5 38.Qxg4 Bd7 39.Qh4 Rf4 40.Qxh7 Rg4+ 41.Kh1 Qf2  0-1

[Event "Belgian Interteams 2000-1"]
[Site "BEL"]
[Date "2000.12.03"]
[Round "4"]
[White "Marcus,J"]
[Black "Winants,L"]
[Result "1/2-1/2"]
[WhiteElo "2292"]
[BlackElo "2523"]

1.d4 Nf6 2.Nf3 e6 3.c4 Bb4+ 4.Bd2 a5 5.g3 d6 6.Bg2 Nbd7 7.O-O e5 8.Nc3 c6
9.d5 O-O 10.Ne1 cxd5 11.cxd5 Nc5 12.Nc2 Bd7 13.Rc1 Bxc3 14.Bxc3 Na4 15.Ne3 b5
16.b3 Nxc3 17.Rxc3 Qb6 18.Qb1 Rfc8 19.Rfc1 g6 20.a3 Rxc3 21.Rxc3 b4 22.axb4 axb4
23.Nc4 Qa6 24.Rc1 Bb5 25.h3 Nd7 26.e3 Rc8 27.Nd2 Rc3 28.Bf1 Bxf1 29.Rxf1 Nc5
30.Qa1 Qxa1 31.Rxa1 Rd3 32.Nc4 Rxd5 33.Ra8+ Kg7 34.Rb8 Rd1+ 35.Kh2 e4 36.Rxb4 Nd3
37.Rb7 Ne1 38.h4 h5 39.Rd7 d5 40.Nd6 Nf3+ 41.Kh3 Ne5 42.Rc7 Kf6 43.Ne8+ Ke6
44.Ng7+ Kf6 45.Ne8+ Ke6 46.Ng7+  1/2-1/2

[Event "Mitropa Team Cup"]
[Site "Charleville FRA"]
[Date "2000.12.03"]
[Round "9"]
[White "Soln,P"]
[Black "Cvitan,O"]
[Result "1/2-1/2"]
[WhiteElo "2413"]
[BlackElo "2541"]

1.d4 Nf6 2.c4 e6 3.Nf3 Bb4+ 4.Bd2 Qe7 5.g3 Nc6 6.Bg2 Bxd2+ 7.Nbxd2 O-O 8.O-O d6
9.e4 a5 10.Qc2 e5 11.d5 Nb8 12.Ne1 Na6 13.Nd3 Nd7 14.a3 Ndc5 15.b4 Nxd3  1/2-1/2

[Event "1st It"]
[Site "Odivelas POR"]
[Date "2000.12.03"]
[Round "6"]
[White "Roeder,M"]
[Black "Ikonnikov,V"]
[Result "1/2-1/2"]
[WhiteElo "2467"]
[BlackElo "2548"]

1.d4 Nf6 2.c4 e6 3.Nf3 Bb4+ 4.Bd2 Qe7 5.g3 Nc6 6.Nc3 Bxc3 7.Bxc3 Ne4 8.Qc2 Nxc3
9.Qxc3 Qb4 10.Qxb4 Nxb4 11.Kd2 d6 12.Bg2 Bd7 13.Kc3 Nc6 14.Ne1  1/2-1/2

[Event "FSIMA December"]
[Site "Budapest HUN"]
[Date "2000.12.06"]
[Round "4"]
[White "Eperjesi,L"]
[Black "Bozic,Mi"]
[Result "1-0"]
[WhiteElo "2370"]
[BlackElo "2281"]

1.d4 Nf6 2.Nf3 e6 3.c4 Bb4+ 4.Bd2 a5 5.Nc3 b6 6.Rc1 Bb7 7.e3 Ne4 8.d5 Nxd2
9.Qxd2 d6 10.Be2 e5 11.e4 Bc8 12.O-O Bg4 13.Ne1 Bxe2 14.Qxe2 Nd7 15.Nd3 O-O
16.Nb5 Bc5 17.b3 f5 18.exf5 Rxf5 19.a3 Qh4 20.b4 axb4 21.axb4 Bd4 22.g3 Qd8
23.Qe4 g6 24.Nxd4 Nf6 25.Qe3 exd4 26.Qxd4 Qf8 27.Rce1 Qh6 28.Kg2 Ra2 29.Re6 g5
30.h3 Ra3 31.Ra1 Rxa1 32.Qxa1 Qh5 33.Ne1 Qf7 34.Qa4 b5 35.cxb5 Nxd5 36.Re2 Nf6
37.b6 Rd5 38.Qc2 cxb6 39.Qc8+ Qf8 40.Qb7 b5 41.Rc2 Rf5 42.Nf3 Ne8 43.Nd4 Re5
44.Nc6 Re1 45.Qxb5 Qf6 46.Qd5+ Kf8 47.Nd4 Qe7 48.Rc3 h6 49.Rf3+ Nf6 50.Qa8+ Kf7
51.Nf5 Qe5 52.Qb7+ Ke8 53.Qc8+ Kf7 54.Qc7+ Ke6 55.Ng7+  1-0

[Event "FSIMA December"]
[Site "Budapest HUN"]
[Date "2000.12.09"]
[Round "7"]
[White "Csomos,R"]
[Black "Eperjesi,L"]
[Result "1/2-1/2"]
[WhiteElo "2293"]
[BlackElo "2370"]

1.d4 Nf6 2.c4 e6 3.Nf3 Bb4+ 4.Bd2 a5 5.g3 b6 6.Bg2 Ba6 7.Qc2 O-O 8.O-O c6
9.Bg5 Be7 10.Ne5 Qc7 11.Nd2 d6 12.Nef3 Nbd7 13.Rac1 Rfc8 14.Rfd1 h6 15.Bxf6 Nxf6
16.e4 Nd7 17.Nf1 Re8 18.Ne3  1/2-1/2

[Event "Open"]
[Site "Padova ITA"]
[Date "2000.12.10"]
[Round "9"]
[White "Quinn,M"]
[Black "Rossi,C"]
[Result "0-1"]
[WhiteElo "2381"]
[BlackElo "2436"]

1.d4 Nf6 2.c4 e6 3.Nf3 Bb4+ 4.Bd2 Qe7 5.g3 Nc6 6.Bg2 Bxd2+ 7.Nbxd2 d6 8.O-O a5
9.e4 e5 10.d5 Nb8 11.b3 Na6 12.a3 Nc5 13.Ne1 Bg4 14.f3 Bd7 15.b4 Na6 16.Nd3 h5
17.f4 Ng4 18.Qe1 h4 19.gxh4 exf4 20.Rxf4 Ne5 21.Qg3 Ng6 22.Rf2 Rxh4 23.h3 Rh5
24.Nf3 O-O-O 25.Re2 Rdh8 26.Nf2 Qf6 27.e5 dxe5 28.Ng4 Qf4 29.Qxf4 Nxf4 30.Rxe5 Nxh3+
31.Bxh3 Rxh3 32.Ngh2 f6 33.Re3 g5 34.Nf1 g4 35.Ne1 f5 36.Ng2 Rxe3 37.Nfxe3 axb4
38.axb4 Kb8 39.Nc2 Rh3 40.Rf1  0-1

[Event "Salona"]
[Site "Solin/Split CRO"]
[Date "2000.12.10"]
[Round "2"]
[White "Cvitan,O"]
[Black "Dizdarevic,E"]
[Result "1/2-1/2"]
[WhiteElo "2541"]
[BlackElo "2527"]

1.d4 Nf6 2.c4 e6 3.Nf3 Bb4+ 4.Bd2 a5 5.Nc3 d5 6.e3 O-O 7.Bd3 b6 8.O-O Bb7
9.a3 Be7 10.cxd5 exd5 11.Ne5 Nbd7 12.Nxd7  1/2-1/2

[Event "Abel Cardona Open"]
[Site "Cali COL"]
[Date "2000.12.16"]
[Round "1"]
[White "Khenkin,I"]
[Black "Beltran,C"]
[Result "1-0"]
[WhiteElo "2633"]
[BlackElo "2294"]

1.d4 Nf6 2.c4 e6 3.Nf3 Bb4+ 4.Bd2 Be7 5.Nc3 d5 6.Qc2 O-O 7.Bg5 h6 8.Bxf6 Bxf6
9.O-O-O b6 10.e4 c6 11.h4 g6 12.h5 g5 13.Kb1 Bg7 14.a3 a6 15.cxd5 cxd5 16.Ne5 Bb7
17.exd5 Bxd5 18.Nxd5 Qxd5 19.Bc4 Qd6 20.Rhe1 Nc6 21.Nxf7 Qf4 22.Bxe6  1-0

[Event "ch-ISR"]
[Site "Ramat-Aviv/Modiin ISR"]
[Date "2000.12.20"]
[Round "4"]
[White "Postny,E"]
[Black "Finkel,A"]
[Result "1/2-1/2"]
[WhiteElo "2434"]
[BlackElo "2467"]

1.d4 e6 2.c4 Nf6 3.Nf3 Bb4+ 4.Bd2 a5 5.g3 d6 6.Bg2 Qe7 7.O-O Bxd2 8.Qxd2 O-O
9.Nc3 Re8 10.e4 e5 11.d5 Na6 12.Ne1 Nc5 13.Nd3 Nxd3 14.Qxd3 Nd7 15.Na4 b6
16.a3 Nc5 17.Nxc5 bxc5 18.b4 axb4 19.axb4 Rxa1 20.Rxa1 cxb4 21.Qb3 c5 22.dxc6 Qc7
23.Qxb4 Qxc6 24.Qb5 Bd7 25.Qxc6 Bxc6 26.Rd1 Re6 27.Bh3 Rh6 28.Bf5 Kf8 29.f3 Rf6
30.g4 h6 31.h4 Ke7 32.g5 hxg5 33.hxg5 Rxf5 34.exf5 Bxf3 35.Ra1 Be2 36.Ra7+ Ke8
37.Rc7 f6 38.Rxg7 fxg5 39.Rc7 Bd3 40.f6 e4 41.Kf2 g4 42.Kg3 e3 43.Re7+ Kf8
44.Rxe3 Bxc4 45.Kxg4 Kf7 46.Kf5 Ba2 47.Re7+ Kf8 48.Rb7 Bc4 49.Rb4 Bd5 50.Rb8+ Kf7
51.Rb2 Be6+ 52.Kg5 Bc4 53.Rb7+ Kf8 54.Rc7 Bd5 55.Rh7 Be4 56.Re7 Bd5 57.Rc7 Ba2
58.Ra7 Bc4 59.Rd7 Bd5 60.f7 Kg7 61.Rxd6 Bb3 62.Rd7 Bc4 63.Kf5 Bb3 64.Rd3 Ba2
65.Ra3 Bc4 66.Ra8 Kxf7 67.Ra7+ Ke8 68.Ke5  1/2-1/2

[Event "Christmas Open"]
[Site "Zurich SUI"]
[Date "2000.12.26"]
[Round "1"]
[White "Kelecevic,N"]
[Black "Kerimov,Y"]
[Result "1-0"]
[WhiteElo "2414"]
[BlackElo "2088"]

1.d4 Nf6 2.c4 e6 3.Nf3 Bb4+ 4.Bd2 Qe7 5.g3 Nc6 6.Nc3 Bxc3 7.Bxc3 Ne4 8.Rc1 Nxc3
9.Rxc3 b6 10.Bg2 Bb7 11.O-O d6 12.d5 Nb8 13.dxe6 fxe6 14.Re3 Bxf3 15.Bxf3 c6
16.Qa4 O-O 17.Bxc6 Nxc6 18.Qxc6 Rae8 19.Qe4 Rf6 20.Rd1 e5 21.Rf3 Rxf3 22.exf3 Qc7
23.b3 Qc5 24.Rd5 Qc7 25.Qd3 Rd8 26.b4 Rc8 27.Rxd6 Qxc4 28.Rd8+  1-0

[Event "Keres Mem Rapid Women"]
[Site "Tallinn EST"]
[Date "2001.01.07"]
[Round "6"]
[White "Cmilyte,V"]
[Black "Bashkite,V"]
[Result "1-0"]
[WhiteElo "2335"]
[BlackElo "2052"]

1.d4 Nf6 2.c4 e6 3.Nf3 Bb4+ 4.Bd2 Qe7 5.g3 b6 6.Bg2 Bb7 7.O-O Bxd2 8.Nbxd2 d6
9.Qc2 Nbd7 10.a3 O-O 11.e4 e5 12.b4 exd4 13.Nxd4 Qe5 14.Nb5 c5 15.f4 Qh5
16.Nxd6 Ng4 17.Nf3 Ne3 18.Qd3 Nxf1 19.Nxb7 Nxh2 20.Nxh2 Nf6 21.e5 Ng4 22.Nxg4 Qxg4
23.Nd6 Rad8 24.bxc5 bxc5 25.Qf3 Qe6 26.Qd3 Qg4 27.Be4 h5 28.Bf5 Rxd6 29.exd6  1-0

[Event "Czech Extra League 2000-1"]
[Site "CZE"]
[Date "2001.01.14"]
[Round "5"]
[White "Markos,J"]
[Black "Macieja,B"]
[Result "1/2-1/2"]
[WhiteElo "2419"]
[BlackElo "2578"]

1.d4 Nf6 2.c4 e6 3.Nf3 Bb4+ 4.Bd2 Qe7 5.g3 Nc6 6.Bg2 Bxd2+ 7.Nbxd2 d6 8.O-O a5
9.Rc1 O-O 10.e4 e5 11.d5 Nb4 12.a3 Nd3 13.Rc3 Nc5 14.Ne1 a4 15.Nd3 Nxd3 16.Rxd3 Nd7
17.Re3 Nc5 18.f4 f6 19.Rf2 Bd7 20.Bf1 c6 21.f5 Qd8 22.Qc2 Qa5 23.Rc3 Rab8
24.g4 cxd5 25.cxd5 b5 26.h4 b4 27.Nc4 Qc7 28.axb4 Rxb4 29.g5 Rb3 30.Nd2 Rxc3
31.Qxc3 Qb6 32.Nc4 Qc7 33.Nd2 Qb6 34.Nc4 Qc7 35.Nd2  1/2-1/2

[Event "Czech Extra League 2000-1"]
[Site "CZE"]
[Date "2001.01.14"]
[Round "5"]
[White "Polak,T"]
[Black "Tichy,V"]
[Result "1-0"]
[WhiteElo "2505"]
[BlackElo "2317"]

1.d4 Nf6 2.c4 e6 3.Nf3 Bb4+ 4.Bd2 Bxd2+ 5.Qxd2 d6 6.Nc3 Nc6 7.g3 O-O 8.Bg2 e5
9.O-O Bg4 10.e3 Re8 11.h3 Bxf3 12.Bxf3 Qd7 13.Bg2 Rad8 14.Rad1 e4 15.Kh2 h5
16.f3 exf3 17.Rxf3 Nh7 18.Rdf1 f6 19.Qd3 Ne7 20.h4 c6 21.Bh3 Qc7 22.Be6+ Kh8
23.Bf7 Rf8 24.Bxh5 d5 25.Bg4 g6 26.cxd5 f5 27.Bh3 cxd5 28.Ne2 Rd6 29.Rc1 Rc6
30.Rxc6 bxc6 31.Nf4 Rf6 32.Rf2 g5 33.hxg5 Nxg5 34.Bg2 Ne4 35.Bxe4 fxe4 36.Qa3 Nf5
37.Kg1 Nxg3 38.Rh2+ Kg8 39.Rg2 Qg7 40.Kf2 Nh1+ 41.Kg1 Ng3 42.Qb4 Kh7 43.Kf2 Nh1+
44.Ke1 Ng3 45.Qb8 Rh6 46.Ne2 Rh1+ 47.Ng1 Qg4 48.Qxg3  1-0

[Event "17th Open"]
[Site "Geneva SUI"]
[Date "2001.01.21"]
[Round "2"]
[White "Korotylev,A"]
[Black "Masserey,Y"]
[Result "1-0"]
[WhiteElo "2554"]
[BlackElo "2349"]

1.d4 Nf6 2.c4 e6 3.Nf3 Bb4+ 4.Bd2 Qe7 5.g3 Nc6 6.Bg2 Bxd2+ 7.Nbxd2 d6 8.O-O O-O
9.e4 e5 10.d5 Nb8 11.Ne1 Bg4 12.f3 Bd7 13.Nd3 c6 14.Qb3 cxd5 15.cxd5 b5 16.f4 Ng4
17.Rae1 f6 18.Bh3 Nh6 19.Be6+ Bxe6 20.dxe6 Nc6 21.f5 g6 22.Qd5 Rac8 23.Nb3 a6
24.Rc1 Qa7+ 25.Nf2 Ne7 26.Qd2 Kg7 27.fxg6 hxg6 28.Kg2 d5 29.exd5 Qb7 30.Ne4 Qxd5
31.Qxd5 Nxd5 32.Kf3 f5 33.Nd6 Rxc1 34.Rxc1 Kf6 35.Rc6 Nb4 36.Rb6 Ke7 37.Nc5 Nd5
38.Rxa6 Nb4 39.Rb6 Nd5 40.Rc6 Nb4 41.Nc8+  1-0

[Event "ch-POL Girls U18"]
[Site "Zakopane POL"]
[Date "2001.01.23"]
[Round "8"]
[White "Gorczyca,A"]
[Black "Szymanska,M"]
[Result "0-1"]
[WhiteElo "2073"]
[BlackElo "2059"]

1.d4 e6 2.Nf3 Nf6 3.c4 Bb4+ 4.Bd2 c5 5.Bxb4 cxb4 6.Qb3 a5 7.a3 Na6 8.e3 d6
9.Be2 O-O 10.O-O b6 11.Ne1 Bb7 12.Nd3 bxa3 13.bxa3 Rb8 14.Nc3 Ne4 15.Nxe4 Bxe4
16.f3 Bc6 17.Rab1 Nc7 18.Qc3 Qg5 19.Nf2 Rfc8 20.Rb2 Ba8 21.Qd2 Ne8 22.Rfb1 Qd8
23.e4 Nf6 24.Rb3 Qc7 25.Qb2 Nd7 26.f4 d5 27.cxd5 Qxf4 28.dxe6 fxe6 29.Bg4 Qd6
30.Rg3 Qe7 31.d5 exd5 32.Be6+ Kh8 33.exd5 Re8 34.Ne4 Nf6 35.Ng5 Rf8 36.Rh3 Bxd5  0-1

[Event "ch-POL Boys U18"]
[Site "Zakopane POL"]
[Date "2001.01.25"]
[Round "10"]
[White "Szymanski,P"]
[Black "Chojnacki,K"]
[Result "0-1"]
[WhiteElo "2108"]
[BlackElo "2232"]

1.d4 Nf6 2.Nf3 e6 3.c4 Bb4+ 4.Bd2 Bxd2+ 5.Qxd2 d6 6.Nc3 O-O 7.e4 Nc6 8.Be2 e5
9.dxe5 dxe5 10.Qxd8 Rxd8 11.Nd5 Nxe4 12.Nxc7 Rb8 13.O-O Nf6 14.Rfd1 Bg4 15.Nb5 e4
16.Nfd4 Nxd4 17.Nxd4 Rxd4 18.Rxd4 Bxe2 19.Re1 Bg4 20.h3 Be6 21.Red1 Re8 22.Kf1 Kf8
23.b3 Ke7 24.Ke2 Rc8 25.Ke3 Rc7 26.Rd8 Bd7 27.Ra8 b6 28.Rb8 Bc8 29.Rd4 Nd7
30.Ra8 Nc5 31.Rb8 f5 32.g3 Na6 33.Ra8 Nb4 34.Rd2 Nd3 35.Rb8 Kd7 36.f3 Kc6
37.fxe4 fxe4 38.a3 Ne5 39.Rd8 Bxh3 40.Kxe4 Nd7 41.Ra8 Nc5+ 42.Ke3 Nxb3 43.Kd3 Na5
44.Rh8 Be6 45.Kd4 h6 46.c5 bxc5+ 47.Kc3 Rb7 48.Rhe8 Rb3+ 49.Kc2 Bf5+ 50.Kd1 Rb7
51.Rg8 c4 52.Rad8 c3 53.Rgf8 c2+  0-1

[Event "80th Ann. FSI"]
[Site "FICS INT"]
[Date "2001.02.01"]
[Round "4"]
[White "Della Pietra,A"]
[Black "Ferretti,F"]
[Result "0-1"]
[WhiteElo "2186"]
[BlackElo "2269"]

1.d4 Nf6 2.c4 e6 3.Nf3 Bb4+ 4.Bd2 Qe7 5.Nc3 O-O 6.g3 Bxc3 7.Bxc3 Ne4 8.Qc2 f5
9.Bg2 d6 10.O-O Nxc3 11.Qxc3 Nd7 12.Rad1 e5 13.dxe5 dxe5 14.b4 e4 15.Nd4 Ne5
16.c5 Bd7 17.f3 exf3 18.exf3 Rae8 19.Rfe1 Qf7 20.f4 Ng4 21.Nf3 Qxa2 22.Rxe8 Bxe8
23.Ne5 Qf2+ 24.Kh1 Ne3 25.Rd2 Qe1+  0-1

[Event "9th Aosta Valley"]
[Site "Saint Vincent ITA"]
[Date "2001.02.05"]
[Round "3"]
[White "Naumkin,I"]
[Black "Zelcic,R"]
[Result "0-1"]
[WhiteElo "2446"]
[BlackElo "2500"]

1.d4 Nf6 2.Nf3 e6 3.c4 Bb4+ 4.Bd2 a5 5.g3 d5 6.Qc2 Nc6 7.Bg2 dxc4 8.Qxc4 Qd5
9.Qd3 O-O 10.O-O Rd8 11.Nc3 Qh5 12.a3 Bxc3 13.bxc3 e5 14.Qb1 h6 15.dxe5 Nxe5
16.Bf4 Ng6 17.Bxc7 Re8 18.Nd4 Bh3 19.Bxh3 Qxh3 20.Qxb7 Rac8 21.Bxa5 Ne4 22.Nf3 Rc5
23.Bb6 Rh5 24.Rfc1 Re6 25.Be3 Nh4 26.gxh4 Rg6+ 27.Bg5 Rxh4 28.Kh1 Rg4  0-1

[Event "ch-Pol u20"]
[Site "Brzeg Dolny POL"]
[Date "2001.02.14"]
[Round "8"]
[White "Lagowski,P"]
[Black "Stryjecki,M"]
[Result "0-1"]
[WhiteElo "2301"]
[BlackElo "2445"]

1.d4 Nf6 2.c4 e6 3.Nf3 Bb4+ 4.Bd2 Qe7 5.g3 Nc6 6.Bg2 Bxd2+ 7.Nbxd2 d6 8.O-O e5
9.d5 Nb8 10.e4 h5 11.Re1 a5 12.c5 Nbd7 13.cxd6 cxd6 14.Rc1 O-O 15.Nh4 g6
16.Nc4 b5 17.Ne3 Nc5 18.f3 Bd7 19.Qd2 Nh7 20.Nd1 Kg7 21.Nf2 Qd8 22.Nd3 Nxd3
23.Qxd3 Qb6+ 24.Kh1 Rac8 25.Bf1 Rc5 26.Rxc5 Qxc5 27.Ng2 Rc8 28.h4 Qf2 29.Kh2 Qxb2
30.Rb1 Qxa2 31.Qd1 Qf2  0-1

[Event "IV Open"]
[Site "Malaga ESP"]
[Date "2001.02.26"]
[Round "4"]
[White "Latzke,B"]
[Black "Vega Gutierrez,B"]
[Result "1/2-1/2"]
[WhiteElo "2234"]
[BlackElo "2053"]

1.d4 Nf6 2.c4 e6 3.Nf3 Bb4+ 4.Bd2 Qe7 5.g3 b6 6.Bg2 Bb7 7.O-O Bxd2 8.Nbxd2 O-O
9.Qc2 d5 10.Rac1 Na6 11.Ne5 c5 12.cxd5 exd5 13.Ndf3 Ne4 14.b3 cxd4 15.Nd3 Rac8
16.Qb2 Nac5 17.Qxd4 Rfd8 18.Nf4 Ne6 19.Qe5 Qf6 20.Qxf6 Nxf6 21.Nxe6 fxe6
22.Bh3 Re8 23.Ng5 Rxc1 24.Rxc1 h6 25.Rc7 hxg5 26.Rxb7 g4 27.Bf1 Rc8 28.Rxa7 Ne4
29.Kg2 Rc1 30.e3 Rc2 31.Bd3 Rxf2+ 32.Kg1 Rf3 33.Bxe4 dxe4 34.Rb7 Rxe3 35.Rxb6 Kf7
36.Kf2 Rc3 37.a4 Kf6 38.a5 Ke5 39.a6 Kd4 40.a7 Rc2+ 41.Kf1 Ke3 42.a8=Q Rc1+
43.Kg2  1/2-1/2

[Event "ch-UKR Women"]
[Site "Kramatorsk UKR"]
[Date "2001.03.04"]
[Round "9"]
[White "Litinskaya,M"]
[Black "Kalinina,V"]
[Result "0-1"]
[WhiteElo "2374"]
[BlackElo "2254"]

1.d4 Nf6 2.c4 e6 3.Nf3 Bb4+ 4.Bd2 Qe7 5.g3 O-O 6.Bg2 Bxd2+ 7.Nbxd2 d6 8.O-O e5
9.e4 Nbd7 10.Re1 a5 11.Qc2 b6 12.b3 Bb7 13.d5 c6 14.dxc6 Bxc6 15.Nh4 g6 16.Nb1 b5
17.cxb5 Bxb5 18.Nc3 Ba6 19.Qd2 Nc5 20.Rad1 Rfd8 21.Bf1 Bb7 22.Bg2 Rac8 23.h3 Kh8
24.Re3 Bc6 25.Qe1 Qb7 26.Kh2 a4 27.bxa4 Nxa4 28.Nxa4 Bxa4 29.Rd2 Rc4 30.f3 Qc7
31.Bf1 Rc1 32.Qf2 Qc5 33.Ng2 d5 34.exd5 Rxd5 35.Ne1 Rxd2 36.Qxd2 Rd1 37.Qf2 Qd4
38.Kg2 e4 39.fxe4 Bc6 40.Nf3 Bxe4 41.Kg1 Qd5 42.Ne1 Kg7 43.a4 Nd7 44.Bg2 Bxg2
45.Qxg2 Qd4 46.Qe4 Rxe1+  0-1

[Event "KPMG Weekender"]
[Site "Zwolle NED"]
[Date "2001.03.10"]
[Round "4"]
[White "Lalic,B"]
[Black "Miezis,N"]
[Result "1-0"]
[WhiteElo "2531"]
[BlackElo "2532"]

1.d4 Nf6 2.c4 e6 3.Nf3 Bb4+ 4.Bd2 Qe7 5.g3 b6 6.Bg2 Bb7 7.O-O Bxd2 8.Qxd2 O-O
9.Nc3 Na6 10.d5 Qc5 11.Rad1 Rae8 12.b3 exd5 13.cxd5 b5 14.Nd4 c6 15.Rc1 Qd6
16.Qg5 g6 17.dxc6 Bxc6 18.Ncxb5 Bxb5 19.Nxb5 Qb6 20.Nc3 Nc5 21.Qf4 Rc8 22.Rfd1 Qe6
23.b4 Na6 24.Rd6 Nh5 25.Qd4 Rxc3 26.Rxc3 Qxa2 27.Qc4 Qxc4 28.Rxc4 Nb8 29.Rc7 a6
30.Rb6 Re8 31.Rcb7 Rxe2 32.Rxb8+ Kg7 33.Bf1 Rb2 34.Rxa6 Nf6 35.Rxf6 Kxf6
36.b5 d5 37.b6 Ke7 38.b7 d4 39.Ba6 Rb6 40.Rc8 d3 41.b8=Q  1-0

[Event "Korchnoi 70"]
[Site "St Petersburg RUS"]
[Date "2001.03.20"]
[Round "4"]
[White "Sakaev,K"]
[Black "Taimanov,M"]
[Result "1-0"]
[WhiteElo "2639"]
[BlackElo "2454"]

1.c4 e6 2.d4 Nf6 3.Nf3 Bb4+ 4.Bd2 a5 5.g3 d5 6.Qc2 Nc6 7.a3 Be7 8.Bg2 Bd7
9.O-O a4 10.cxd5 Nxd5 11.e4 Nb6 12.Nc3 Na5 13.Rad1 Nb3 14.Bf4 O-O 15.Rfe1 Ra5
16.h4 h6 17.Ne5 Be8 18.d5 exd5 19.exd5 Bd6 20.Ne4 f6 21.Nxd6 cxd6 22.Ng6 Rc5
23.Qf5 Bxg6 24.Qxg6 Qd7 25.Bh3 f5 26.Bxd6 Qf7 27.Qxf7+ Rxf7 28.Bxc5 Nxc5
29.d6 Nbd7 30.Re8+ Kh7 31.Re7 Rf6 32.Rd5 Kg6 33.h5+  1-0

[Event "Open"]
[Site "Bled SLO"]
[Date "2001.03.25"]
[Round "2"]
[White "Caoili,A"]
[Black "Meier,V"]
[Result "1-0"]
[WhiteElo "2132"]
[BlackElo "2295"]

1.d4 Nf6 2.Nf3 e6 3.c4 Bb4+ 4.Bd2 c5 5.Qc2 Bxd2+ 6.Nbxd2 cxd4 7.Nxd4 O-O
8.g3 Nc6 9.Nxc6 dxc6 10.Bg2 e5 11.O-O Qe7 12.c5 Be6 13.b4 Rad8 14.Rfd1 Bd5
15.Nc4 Bxg2 16.Kxg2 Nd5 17.Nd6 b5 18.Qb3 g6 19.a4 a6 20.axb5 axb5 21.Ra6 Qd7
22.Rda1 Nc7 23.Ra7 Ra8 24.Qb2 f6 25.R1a5 Rxa7 26.Rxa7 h5 27.Qa2+ Qe6 28.Qc2 f5
29.Rxc7 Ra8 30.Qd2 f4 31.Ne4 h4 32.Ng5 h3+ 33.Nxh3 fxg3 34.hxg3  1-0